000
00312nam a2200133Ia 4500
008
150301s2015 xx 000 0 und d
082
_a
615.19
_b
Q07W
100
_a
WHO
245
_a
QUALITY ASSURANCE OF PHARMACEUTICAL
260
_b
AITBS DELHI
300
_a
258
650
_a
PHARMACEUTICS
942
_2
ddc
_c
BK
_0
3
999
_c
7282
_d
7282